MARC

LEADER 00000nam0a2200000 4500
001 278724
005 20231101235136.0
035 |a (RuTPU)RU\TPU\book\302002 
090 |a 278724 
100 |a 20141213d1985 m y0rusy50 ca 
101 0 |a rus 
102 |a RU 
105 |a a j 001zy 
200 1 |a Сборник задач и упражнений по технологии листовой штамповки  |e учебное пособие  |f В. С. Исупов, Н. В. Шепельский, Н. А. Дроздова  |g Красноярский политехнический институт (КПИ) ; Красноярский институт цветных металлов и золота (КИЦМиЗ) 
210 |a Красноярск  |c Изд-во КрПИ  |d 1985 
215 |a 77 с.  |c ил. 
320 |a Библиогр.: с. 77 
606 1 |a Листоштамповочные работы  |x Автоматизация  |x Механизация  |2 stltpush  |3 (RuTPU)RU\TPU\subj\40272  |9 60130 
610 1 |a листовая штамповка 
610 1 |a технология 
610 1 |a задачи 
610 1 |a упражнения 
610 1 |a учебные пособия 
610 1 |a листы 
610 1 |a раскрой 
610 1 |a вытяжка 
610 1 |a штампы 
675 |a 621.983(075.8)  |v 4 
700 1 |a Исупов  |b В. С.  |g Владислав Сергеевич 
701 1 |a Шепельский  |b Н. В.  |g Николай Васильевич 
701 1 |a Дроздова  |b Н. А.  |g Нина Аркадьевна 
712 0 2 |a Красноярский политехнический институт (КПИ)  |c (1956-1993)  |2 stltpush  |3 (RuTPU)RU\TPU\col\272 
712 0 2 |a Красноярский институт цветных металлов и золота (КИЦМиЗ)  |c (1958-1994)  |2 stltpush  |3 (RuTPU)RU\TPU\col\11099 
801 1 |a RU  |b 63413507  |c 20141213 
801 2 |a RU  |b 63413507  |c 20180117  |g RCR 
942 |c BK